Normal view MARC view
  • Wiseman, Richard

Entry Personal Name

Number of records used in: 1

001 - CONTROL NUMBER

  • control field: 95245

003 - CONTROL NUMBER IDENTIFIER

  • control field: NUST

005 - DATE AND TIME OF LATEST TRANSACTION

  • control field: 20220726144409.0

008 - FIXED-LENGTH DATA ELEMENTS

  • fixed length control field: 220726|| aca||aabn | a|a d

040 ## - CATALOGING SOURCE

  • Original cataloging agency: NUST
  • Transcribing agency: NUST

100 ## - HEADING--PERSONAL NAME

  • Personal name: Wiseman, Richard
  • Fuller form of name: (Richard John),
  • Dates associated with a name: 1966-

670 ## - SOURCE DATA FOUND

  • Source citation: Work cat.: (NUST)0: Wiseman, Richard (Richard John), 1966- author., Moonshot :
© 2023 Central Library, National University of Sciences and Technology. All Rights Reserved.